000
00165nam a22000857a 4500
082
_a
823
100
_a
STEVESON, PETER
245
_a
KITTEN TALES FOR BEDTIME
942
_c
BK
999
_c
8247
_d
8247